00397 a2200145 450000500170000002000180001708200160003510000140005124500460006525000130011126000400012430000540016470000160021870000170023420250626060458.0 a0-02-635221-4 a621.382 STR aSTRONG, W aWriters's Choice: Composition and Grammar a10th Ed. aNew YorkbMcGraw-Hill Irwin c1993. axxiv, 808p.; ill.; pictures, figuresbIndexc23cm aMark Lester aLigature Inc